|
|
|
|
| LEADER |
03000nam a22007092i 4500 |
| 001 |
nkc20152694988 |
| 003 |
CZ PrNK |
| 005 |
20160122085711.0 |
| 007 |
ta |
| 008 |
150504s2014 xr ab f 000 0 cze |
| 015 |
|
|
|a cnb002694988
|
| 020 |
|
|
|a 978-80-7509-160-4
|q (brožováno)
|
| 035 |
|
|
|a (OCoLC)913564292
|
| 040 |
|
|
|a ABA001
|b cze
|e rda
|
| 041 |
0 |
|
|a cze
|b cze
|b eng
|
| 043 |
|
|
|a e-xr---
|b e-xr-sl
|2 czenas
|
| 072 |
|
7 |
|a 338.3/.4
|x Hospodářská a výrobní odvětví
|2 Konspekt
|9 4
|
| 080 |
|
|
|a 338.48
|2 MRF
|
| 080 |
|
|
|a 502/504
|2 MRF
|
| 080 |
|
|
|a 332.055.2
|2 MRF
|
| 080 |
|
|
|a 502.131.1
|2 MRF
|
| 080 |
|
|
|a 502.5
|2 MRF
|
| 080 |
|
|
|a 502.175
|2 MRF
|
| 080 |
|
|
|a (437.33)
|2 MRF
|
| 080 |
|
|
|a (048.8)
|2 MRF
|
| 100 |
1 |
|
|a Ruda, Aleš,
|d 1978-
|7 mzk2010602246
|4 aut
|
| 245 |
1 |
0 |
|a Hodnocení a vizualizace vlivu cestovního ruchu na krajinu Nízkého Jeseníku /
|c Aleš Ruda
|
| 250 |
|
|
|a První vydání
|
| 264 |
|
1 |
|a Brno :
|b Mendelova univerzita v Brně,
|c 2014
|
| 300 |
|
|
|a 147 stran :
|b ilustrace (převážně barevné), mapy ;
|c 25 cm
|
| 336 |
|
|
|a text
|b txt
|2 rdacontent
|
| 337 |
|
|
|a bez média
|b n
|2 rdamedia
|
| 338 |
|
|
|a svazek
|b nc
|2 rdacarrier
|
| 500 |
|
|
|a Název z obálky
|
| 500 |
|
|
|a Nad názvem: Mendelova univerzita v Brně, Fakulta regionálního rozvoje a mezinárodních studií
|
| 500 |
|
|
|a 100 výtisků
|
| 504 |
|
|
|a Obsahuje bibliografii a bibliografické odkazy
|
| 546 |
|
|
|a České a anglické resumé
|
| 650 |
0 |
7 |
|a cestovní ruch
|7 ph119113
|z Česko
|2 czenas
|
| 650 |
0 |
7 |
|a cestovní ruch
|7 ph119113
|x environmentální aspekty
|2 czenas
|
| 650 |
0 |
7 |
|a regionální rozvoj
|7 ph125083
|z Česko
|2 czenas
|
| 650 |
0 |
7 |
|a udržitelný rozvoj
|7 ph126768
|z Česko
|2 czenas
|
| 650 |
0 |
7 |
|a krajinná ekologie
|7 ph115007
|z Česko
|2 czenas
|
| 650 |
0 |
7 |
|a posuzování vlivů na životní prostředí
|7 ph137102
|z Česko
|2 czenas
|
| 650 |
0 |
9 |
|a tourism
|z Czechia
|2 eczenas
|
| 650 |
0 |
9 |
|a tourism
|x environmental aspects
|2 eczenas
|
| 650 |
0 |
9 |
|a regional development
|z Czechia
|2 eczenas
|
| 650 |
0 |
9 |
|a sustainable development
|z Czechia
|2 eczenas
|
| 650 |
0 |
9 |
|a landscape ecology
|z Czechia
|2 eczenas
|
| 650 |
0 |
9 |
|a environmental impact assessment
|z Czechia
|2 eczenas
|
| 655 |
|
7 |
|a monografie
|7 fd132842
|2 czenas
|
| 655 |
|
9 |
|a monographs
|2 eczenas
|
| 651 |
|
7 |
|a Nízký Jeseník (Česko : pohoří : oblast)
|7 ge130281
|2 czenas
|
| 651 |
|
9 |
|a Nízký Jeseník Mountains Region (Czechia)
|2 eczenas
|
| 710 |
2 |
|
|a Mendelova univerzita.
|b Fakulta regionálního rozvoje a mezinárodních studií
|7 mzk2010588227
|4 isb
|
| 910 |
2 |
|
|a BOA001
|b 2-1346.310
|
| 928 |
9 |
|
|a Mendelova univerzita v Brně, Fakulta regionálního rozvoje a mezinárodních studií, Ústav regionálního rozvoje a veřejné správy
|
| 990 |
|
|
|a BK
|
| 995 |
|
|
|a 01
|
| 991 |
|
|
|b 201505
|c NOV
|e n
|
| 996 |
6 |
|
|b 2610632225
|c 2-1346.310
|l MZK
|r Sklad / do 1 hodiny
|n 0
|p p.v.
|w 001503782
|u 000010
|a 1
|e BOA001
|j MZK50
|s P
|
| 996 |
7 |
|
|b 2610632226
|c 2-1346.310
|l MZK
|r Sklad / do 1 hodiny
|n 2
|p p.v.
|w 001503782
|u 000020
|a 1
|e BOA001
|j MZK50
|s A
|